000 00442nam a22001817a 4500
003 MPLRDC
005 20220104160536.0
008 210129b ||||| |||| 00| 0 eng d
082 _a855 HYM
100 _a胡因梦
245 _a古老的未来
_c
250 _a一版6刷
260 _a台湾
_b方智出版公司
_c1992
300 _b
490 _a新时代系列; 1
650 _a散文;随笔、日记
942 _cBK
_o855 HYM
999 _c55040
_d55030